000 00460nab a2200145Ia 4500
003 ES-SlBCS
005 20210601125229.0
008 140529s1972 xxu||||| |||| 00| 0 eng d
041 _aeng
100 1 _aStone de Montpensier, Roy
_9155709
245 0 4 _aThe Logic of Ethical Statements
_c Roy Stone De Montpensier
650 0 4 _aÉtica-Lógica
_9155710
773 0 _tPhilosophy and Phenomenological Research
_gvol. 32, 1972, págs. 297-321
_wRev1411
942 _cAR
999 _c526901
_d526901